00530nam a2200181Ia 450000500170000000800410001708200130005824500310007126000350010230000160013765000140015365000130016765000250018070000270020594200060023295200950023899900150033320240715015620.0240331s9999 xx 000 0 und d bRELa200 0aReligiousness in Sri lanka aColombobMarga Institutec1979 ax, 300 p ., aPolitical aEconomic aReligious Traditions aCarter, ross johneedt cL 001040708LaWERCLbWERCLcSSCd2024-03-31l0o 200 RELp5810r2024-03-31w2024-03-31yL c2609d2609